Segunda División 25/26 - Liga Hypermotion - Estadísticas

Estadísticas generales
  • Esta prueba ha sido intentada 249 veces
    117 desde el último reinicio
  • La puntuación promedio es 20 de 22
Estadísticas de respuestas
Equipo % Correcto
R.C. Deportivo de la Coruña
97%
U.D. Las Palmas
95%
Cádiz C.F.
94%
Real Racing Club de Santander
94%
Real Sporting de Gijón
94%
Real Valladolid C.F.
94%
Real Zaragoza
93%
Burgos C.F.
92%
Albacete Balompié
91%
Cultural y Deportiva Leonesa
91%
U.D. Almería
91%
Málaga C.F.
90%
C.D. Castellón
89%
C.D. Mirandés
89%
Córdoba C.F.
89%
Granada C.F.
87%
S.D. Huesca
87%
C.D. Leganés
86%
Real Sociedad de Fútbol "B"
86%
A.D. Ceuta F.C.
84%
Andorra F.C.
84%
S.D. Eibar
80%
No se encontraron pruebas coincidentes
Distribución de puntuación
Porcentaje de gente con cada puntuación
Porcentaje por número respondido
Historial de tus puntuaciones
No has intentado esta prueba desde el último reinicio